Entourage de Bella dans Twilight - Statistiques

Statistiques générales
  • Ce quiz a été pris 125 fois
  • Le résultat moyen est 13 sur 15
Statistiques - réponses
Lien avec Bella Personnage % Correct
Epoux Edward Cullen
99%
Frère adoptif/Meilleur ami Jacob Black
98%
Père Charlie Swan
96%
Belle-mère Esmée Cullen
93%
Belle-soeur Alice Cullen
92%
Beau-frère Jasper Hale
90%
Fille Renesmée Cullen
90%
Belle-soeur Rosalie Hale
88%
Mère Renée Dwyer
87%
Beau-frère Emmett Cullen
85%
Beau-père (adoptif) Carlisle Cullen
83%
Amie Jessica Stanley
81%
Ami Mike Newton
76%
Amie Angela Weber
65%
Ami Eric Yorkie
50%
Aucun quiz correspondant
Distribution des résultats
% des personnes avec chaque résultat
Percentile par nombre de réponses
Votre historique - résultats
Vous n’avez pas pris ce quiz